000 00689nam a22001937a 4500
999 _c171963
_d171963
005 20200123165756.0
010 _aUR-10674
020 _c190.00
_a-
035 _aU-9229
037 _bDBAD/PUB
_a-
082 _a840.8
100 _aمر تبہ:محمد ا سد اللہ
245 _aما ہنا مہ کھلو نا: ا يک ا نتخا ب
_cمر تبہ:محمد ا سد اللہ
246 _bMahnama Khilona: Ek Intekhab (Urdu)
_aEdited by Mohd.Asad Ullah
260 _aRajisthan
_bMohd.Asad Ullah
_c2019 ء
270 _a30-Gulistan Colony,Jafir Nagar,
_bNagpur
_e440013
_k+919578591149
_l-
300 _a304 ص
_c22 Cm(Hb)
942 _2ddc
_cUR
_h840.8
_mک ھ ل